Normal view
MARC view
- Normand-Cyrot, D Fossard, A. J
Entry Personal Name
001 - CONTROL NUMBER
- control field: 76352
003 - CONTROL NUMBER IDENTIFIER
- control field: NUST
005 - DATE AND TIME OF LATEST TRANSACTION
- control field: 20210628205630.0
008 - FIXED-LENGTH DATA ELEMENTS
- fixed length control field: 210628|| aca||aabn | a|a d
040 ## - CATALOGING SOURCE
- Original cataloging agency: NUST
- Transcribing agency: NUST
100 ## - HEADING--PERSONAL NAME
- Personal name: Normand-Cyrot, D Fossard, A. J
670 ## - SOURCE DATA FOUND
- Source citation: Work cat.: (NUST): Normand-Cyrot, D Fossard, A. J, Nonlinear systems control, 1997
